| 000 | 00462cam a2200169ua 4500 | ||
|---|---|---|---|
| 003 | OSt | ||
| 008 | 240123b |||||||| |||| 00| 0 eng d | ||
| 020 | _a0-85186-606-9 | ||
| 041 | _aeng | ||
| 082 |
_a663 _bCRE/FO |
||
| 100 |
_aCOlin, Creaser . _95759 |
||
| 245 | 0 | 0 | _aFood contaminants - sources and surveillance / |
| 260 |
_aCambridge : _bThe Royal Society of Chemistry , _c1991. |
||
| 300 | _a205 ; . | ||
| 700 | 1 |
_aRupert, Purchase . _95760 |
|
| 942 | _cBK | ||
| 999 |
_c11240 _d11240 |
||